Ampliación y mejoramiento de la red de instalaciones de manejo de granos: Introducción. Solicitante y organismo ejecutor. Programa de fomento de la producción de granos

Sábháilte in:
Sonraí bibleagrafaíochta
Údar corparáideach: Consejo Nacional de Producción. Departamento de Planificación y Programación
Formáid: Téacs
Foilsithe / Cruthaithe: San José: CNP
Clibeanna: Cuir clib leis
Níl clibeanna ann, Bí ar an gcéad duine le clib a chur leis an taifead seo!

MARC

LEADER 00000 a a2200000 04500
001 16487
003
040
090 |a 012000  
110 |a Consejo Nacional de Producción. Departamento de Planificación y Programación  
245 |a Ampliación y mejoramiento de la red de instalaciones de manejo de granos: Introducción. Solicitante y organismo ejecutor. Programa de fomento de la producción de granos  
260 |a San José:   |b CNP  
300 |a pp. 1-83, 7  
999 |c 5312  |d 5312